Vainqueurs de Roland-Garros selon la photo - Statistiques

Statistiques générales
  • Ce quiz a été pris 178 fois
  • Le résultat moyen est 9 sur 15
Statistiques - réponses
Par images Hint Réponse % Correct
🏆 2005, 2006, 2007, 2008, 2010, 2011, 2012, 2013, 2014, 2017, 2018, 2019, 2020, 2022 Rafael Nadal
99%
🏆 2009 Roger Federer
97%
🏆 1983 Yannick Noah
94%
🏆 2016, 2021, 2023 Novak Djokovic
93%
🏆 2015 Stan Wawrinka
85%
🏆 1999 Andre Agassi
67%
🏆 1974, 1975, 1978, 1979, 1980, 1981 Björn Borg
63%
🏆 1989 Michael Chang
56%
🏆 1997, 2000, 2001 Gustavo Kuerten
48%
🏆 1984, 1986, 1987 Ivan Lendl
43%
🏆 1998 Carlos Moyà
42%
🏆 2003 Juan Carlos Ferrero
42%
🏆 1991, 1992 Jim Courier
37%
🏆 1995 Thomas Muster
26%
🏆 1993, 1994 Sergi Bruguera
22%
Aucun quiz correspondant
Distribution des résultats
% des personnes avec chaque résultat
Percentile par nombre de réponses
Votre historique - résultats
Vous n’avez pas pris ce quiz